000 00571nam a2200193 i 4500
001 67332
003 ES-MaACL
005 20230906170038.0
007 t|
008 040519s2003 sp ||||1| spa d
020 _a84-96189-00-7
080 _a821.134.2-14"19"
100 1 _aJurado López, Manuel.
_967326
245 1 0 _aPeces de oro, peces de ceniza /
_cManuel Jurado López.
260 _aAlbacete :
_bEdiciones de la Diputación de Albacete,
_c[2003]
300 _a50 p. ;
_c22 cm.
710 2 _aAteneo Albacetense.
_91841
852 _aES-MaACL
_jL-27525
_bR.133250
999 _c67332
_d67332